000
00308nam a22001337a 4500
020
_a
817573826-X
082
_a
920
_b
DUA/L
100
_a
DUA,SHYAM
245
_a
THE LUMINOUS LIFE OF LAL BAHADUR SHASTRI
260
_a
DELHI
_b
TINY TOT PUBLICATIONS
300
_a
95
650
_a
BIOGRAPHY
_z
DELHI
942
_c
BK
999
_c
6031
_d
6031